Abû l-Mahâsin ibn Taghrî Birdî's Annals entitled Annujûm az-zâhirâ fî mulûk Miṣr wal-Kâhirâ /
محفوظ في:
المؤلف الرئيسي:
مؤلفون آخرون:
التنسيق: كتاب
اللغة: English
سلاسل:
University of California publications in Semitic philology ;
2-3, 5-8.
الموضوعات:
الوسوم: إضافة وسم
لا توجد وسوم, كن أول من يضع وسما على هذه التسجيلة!
رقم الطلب: PJ3002 .C3 v.2-3, 5-8
| LEADER | 02550nam a2200373I 4500 | ||
|---|---|---|---|
| 001 | 11021 | ||
| 003 | OSt | ||
| 005 | 20240229085145.0 | ||
| 008 | 130303m19099999cau g 000 0 eng d | ||
| 952 | |0 0 |1 0 |2 lcc |3 V.2 |4 0 |6 PJ3002 C3 V.00002-00003, 00005-00008 |7 1 |9 17961 |a ARCE |b ARCE |d 2021-08-22 |l 0 |o PJ3002 .C3 v.2-3, 5-8 |p 1027020 |r 2021-08-22 00:00:00 |w 2021-08-22 |y BK | ||
| 952 | |0 0 |1 0 |2 lcc |3 V.5 |4 0 |6 PJ3002 C3 V.00002-00003, 00005-00008 |7 1 |9 63229 |a ARCE |b ARCE |d 2024-02-28 |l 0 |o PJ3002 .C3 v.2-3, 5-8 |p 1027021 |r 2024-02-28 00:00:00 |w 2024-02-28 |y BK | ||
| 952 | |0 0 |1 0 |2 lcc |3 V.6 |4 0 |6 PJ3002 C3 V.00002-00003, 00005-00008 |7 1 |9 63230 |a ARCE |b ARCE |d 2024-02-28 |l 0 |o PJ3002 .C3 v.2-3, 5-8 |p 1027022 |r 2024-02-28 00:00:00 |w 2024-02-28 |y BK | ||
| 952 | |0 0 |1 0 |2 lcc |3 V.7 |4 0 |6 PJ3002 C3 V.00002-00003, 00005-00008 |7 1 |9 63231 |a ARCE |b ARCE |d 2024-02-28 |l 0 |o PJ3002 .C3 v.2-3, 5-8 |p 1027023 |r 2024-02-28 00:00:00 |w 2024-02-28 |y BK | ||
| 952 | |0 0 |1 0 |2 lcc |3 V.8 |4 0 |6 PJ3002 C3 V.00002-00003, 00005-00008 |7 1 |9 63232 |a ARCE |b ARCE |d 2024-02-28 |l 0 |o PJ3002 .C3 v.2-3, 5-8 |p 1027024 |r 2024-02-28 00:00:00 |w 2024-02-28 |y BK | ||
| 952 | |0 0 |1 0 |2 lcc |3 V.3 |4 0 |6 PJ3002 C3 V.00002-00003, 00005-00008 |7 1 |9 63586 |a ARCE |b ARCE |d 2024-02-29 |l 0 |o PJ3002 .C3 v.2-3, 5-8 |p 1032361 |r 2024-02-29 00:00:00 |w 2024-02-29 |y BK | ||
| 999 | |c 14851 |d 14851 | ||
| 040 | |c ARCE Library | ||
| 043 | |a f-ua--- | ||
| 050 | 0 | 4 | |a PJ3002 .C3 v.2-3, 5-8 |
| 100 | 1 | |6 880-01 |a Ibn Taghrībirdī, Abū al-Maḥāsin Yūsuf, |d 1411-1470, |e author | |
| 245 | 1 | 0 | |a Abû l-Mahâsin ibn Taghrî Birdî's Annals entitled Annujûm az-zâhirâ fî mulûk Miṣr wal-Kâhirâ / |c edited by William Popper. |
| 264 | 1 | |a Berkeley : |b University Press, |c 1909- | |
| 300 | |a volumes ; |c 27 cm. | ||
| 336 | |2 rdacontent |a text |b txt | ||
| 337 | |2 rdamedia |a unmediated |b n | ||
| 338 | |2 rdacarrier |a volume |b n | ||
| 490 | 1 | |a University of California publications in Semitic philology ; |v 2-3, 5-8. | |
| 500 | |a The edition of the text was begun by Juynboll and Matthes (volume I, part 1-2, 1852-1855 ; volume II, part1, by Juynboll alone, 1857) and the Arabic paging of the present portion, volume II, part 2, fasc. 1, has been made continuous with that of the Juynboll portion. cf. Pref. | ||
| 651 | 0 | |a Egypt |x History. | |
| 700 | 1 | |a Popper, William, |d 1874-1963. | |
| 830 | 0 | |a University of California publications in Semitic philology ; |v 2-3, 5-8. | |
| 880 | 1 | |6 100-01/(3/r |a ابن تغريبردي، أبو المحاسن يوسف، |d 1411-1470. | |
| 901 | |a reviewed | ||
| 942 | |c BK |2 lcc | ||
